| 000 | 00000nam 2200000zi 4500 |
| 001 | 9.867805 |
| 003 | CaOODSP |
| 005 | 20241203113645 |
| 006 | m o d f |
| 007 | cr ||||||||||| |
| 008 | 190128s1974 bccd |o f|0| 0 eng d |
| 040 | |aCaOODSP|beng|erda|cCaOODSP |
| 043 | |an-cn-bc |
| 086 | 1 |aEn40-229/74-5E-PDF |
| 100 | 1 |aMcLean, W. E., |eauthor. |
| 245 | 10|aMill characterization : |bCrown Zellerbach Canada Limited, Elk Falls Company Limited : April, 1974 / |cby William E. McLean and Gerald C. Tanner. |
| 264 | 1|a[West Vancouver, B.C.] : |bEnvironmental Protection Service, Pacific Region, |c1974. |
| 300 | |a1 online resource (iv, 37 pages) : |bcharts. |
| 336 | |atext|btxt|2rdacontent |
| 337 | |acomputer|bc|2rdamedia |
| 338 | |aonline resource|bcr|2rdacarrier |
| 490 | 1 |aManuscript report ; |v74-5 |
| 500 | |aDigitized edition from print [produced by Environment and Climate Change Canada]. |
| 500 | |a"September 1974." |
| 520 | 3 |a"This report was prepared from technical data provided by Crown Zellerbach Canada Limited, Elk Falls Company Limited. The report provides supplemental information for establishing a water pollution abatement program to meet the requirements of the Federal Pulp and Paper Effluent Regulations"--Abstract. |
| 653 | 0|aPulp mills |
| 692 | 07|2gccst|aWater quality |
| 710 | 1 |aCanada. |bEnvironment Canada. |
| 710 | 1 |aCanada. |bEnvironmental Protection Service. |bPacific Region. |
| 720 | 1 |aTanner, Gerald C., |eauthor. |
| 830 | #0|aRegional manuscript report (Canada. Environmental Protection Service)|v74-5|w(CaOODSP)9.867528 |
| 856 | 40|qPDF|s1.37 MB|uhttps://publications.gc.ca/collections/collection_2019/eccc/En40-229-74-5-eng.pdf |